000 00309nam a22001337a 4500
008 180920b xxu||||| |||| 00| 0 eng d
020 _a9780256146752
041 _aeng
080 _28th
_a338
100 _a53
101 _aMEN
245 _aFoundations of Financial Management
_cBlock,S.B
942 _2udc
_cBK
999 _c48101
_d48101